<?xml version="1.0" encoding="UTF-8"?><?xml-stylesheet type="text/xsl" href="static/style.xsl"?><OAI-PMH xmlns="http://www.openarchives.org/OAI/2.0/" xmlns:xsi="http://www.w3.org/2001/XMLSchema-instance" xsi:schemaLocation="http://www.openarchives.org/OAI/2.0/ http://www.openarchives.org/OAI/2.0/OAI-PMH.xsd"><responseDate>2026-04-17T01:34:02Z</responseDate><request verb="GetRecord" identifier="oai:www.recercat.cat:2117/422800" metadataPrefix="marc">https://recercat.cat/oai/request</request><GetRecord><record><header><identifier>oai:recercat.cat:2117/422800</identifier><datestamp>2026-01-25T01:12:19Z</datestamp><setSpec>com_2072_1033</setSpec><setSpec>col_2072_452949</setSpec></header><metadata><record xmlns="http://www.loc.gov/MARC21/slim" xmlns:dcterms="http://purl.org/dc/terms/" xmlns:xsi="http://www.w3.org/2001/XMLSchema-instance" xmlns:doc="http://www.lyncode.com/xoai" xsi:schemaLocation="http://www.loc.gov/MARC21/slim http://www.loc.gov/standards/marcxml/schema/MARC21slim.xsd">
   <leader>00925njm 22002777a 4500</leader>
   <datafield ind2=" " ind1=" " tag="042">
      <subfield code="a">dc</subfield>
   </datafield>
   <datafield ind2=" " ind1=" " tag="720">
      <subfield code="a">Alvarez do Bomfim, Maria Fernanda</subfield>
      <subfield code="e">author</subfield>
   </datafield>
   <datafield ind2=" " ind1=" " tag="260">
      <subfield code="c">2024-12</subfield>
   </datafield>
   <datafield ind2=" " ind1=" " tag="520">
      <subfield code="a">Housing management occurs according to the logic of the public, the commercial, or the need. Since the1980s, the province of San Luis has exhibited a migratory phenomenon that transformed its populationdynamics. Likewise, it was characterized by developing a policy of mass housing production. In this work, thehistorical and spatial evolution of housing production between 1983 and 2020 was investigated, focusing onthe relationship between the logic of public and necessity. The interrelation of institutional data, census andcartographic information, speeches and surveys carried out was used. State housing production represents58% of total housing, however this growth has slowed since 2004, while slums, which today represent 8% ofhousing, began to experience notable growth. accentuated since 2011.</subfield>
   </datafield>
   <datafield ind2=" " ind1=" " tag="520">
      <subfield code="a">la gestión habitacional se produce según la lógica de lo público, lo mercantil o la necesidad. La provincia de San Luis desde la década del 80’ exhibió un fenómeno migratorio que transformó la dinámica poblacional, asimismo, se caracterizó por desarrollar una política de producción de vivienda masiva. En este trabajo se indagó la evolución histórica y espacial de la producción de vivienda entre 1983 y 2020, haciendo foco en el análisis de la lógica de acceso a la vivienda desde lo público y desde la necesidad. Se interrelacionaron datos institucionales, información censal y cartográfica, discursos y encuestas. La producción de vivienda estatal representa un 58% del total de las viviendas de la ciudad, no obstante este crecimiento se atenuó desde el 2004, a la vez que, los barrios autogestionados, que hoy representan el 8% de las viviendas, comenzaron a experimentar un notable crecimiento acentuado a partir del año 2011.</subfield>
   </datafield>
   <datafield ind2=" " ind1=" " tag="520">
      <subfield code="a">Peer Reviewed</subfield>
   </datafield>
   <datafield tag="653" ind2=" " ind1=" ">
      <subfield code="a">Política habitacional</subfield>
   </datafield>
   <datafield tag="653" ind2=" " ind1=" ">
      <subfield code="a">Barrio autogestionado</subfield>
   </datafield>
   <datafield tag="653" ind2=" " ind1=" ">
      <subfield code="a">Vivienda social</subfield>
   </datafield>
   <datafield tag="653" ind2=" " ind1=" ">
      <subfield code="a">Ciudad intermedia</subfield>
   </datafield>
   <datafield tag="653" ind2=" " ind1=" ">
      <subfield code="a">Housing policy</subfield>
   </datafield>
   <datafield tag="653" ind2=" " ind1=" ">
      <subfield code="a">Slums</subfield>
   </datafield>
   <datafield tag="653" ind2=" " ind1=" ">
      <subfield code="a">State housing</subfield>
   </datafield>
   <datafield tag="653" ind2=" " ind1=" ">
      <subfield code="a">Intermediate city</subfield>
   </datafield>
   <datafield ind2="0" ind1="0" tag="245">
      <subfield code="a">Producción de vivienda en ciudades intermedias: lógicas de lo público y de la necesidad en San Luis, Argentina (1983-2020)</subfield>
   </datafield>
   <datafield ind2="0" ind1="0" tag="245">
      <subfield code="a">Housing production in intermediate cities: logics of the public and necessity in san luis, argentina (1983-2020)</subfield>
   </datafield>
</record></metadata></record></GetRecord></OAI-PMH>